|
|
|
|
| LEADER |
00000nam0a2200000 4500 |
| 001 |
260411 |
| 005 |
20231101233457.0 |
| 035 |
|
|
|a (RuTPU)RU\TPU\book\283359
|
| 090 |
|
|
|a 260411
|
| 100 |
|
|
|a 20140515d1981 m y0rusy50 ca
|
| 101 |
1 |
|
|a arm
|
| 102 |
|
|
|a RU
|
| 105 |
|
|
|a a z 000ay
|
| 200 |
1 |
|
|a Утренний свет
|e стихи
|e пер. с арм.
|f Е. Костандин
|g сост. Л. Мрктчян ; М. Сосоян
|
| 210 |
|
|
|a Ереван
|c Советакан грох
|d 1981
|
| 215 |
|
|
|a 208 с.
|c ил.
|
| 320 |
|
|
|a Вступительная статья: с. 7-58
|
| 606 |
1 |
|
|a Армянская литература
|2 stltpush
|3 (RuTPU)RU\TPU\subj\29419
|9 52760
|
| 610 |
1 |
|
|a поэзия
|
| 610 |
1 |
|
|a средние века
|
| 610 |
1 |
|
|a Армения
|
| 610 |
1 |
|
|a 13 век
|
| 610 |
1 |
|
|a 14 век
|
| 675 |
|
|
|a 891.981
|v 3
|
| 700 |
|
1 |
|a Костандин
|b Е.
|g Ерзнкаци
|
| 702 |
|
1 |
|a Мрктчян
|b Л.
|4 220
|
| 702 |
|
1 |
|a Сосоян
|b М.
|4 040
|
| 801 |
|
1 |
|a RU
|b 63413507
|c 20140515
|
| 801 |
|
2 |
|a RU
|b 63413507
|c 20200521
|g RCR
|
| 942 |
|
|
|c BK
|